Biblioteca

Jesus of Nazareth : (Registro nro. 66450)

Detalles MARC
000 -LÍDER
Campo fijo de descripción fija 01872cam a2200397 i 4500
001 - NÚMERO DE CONTROL
Campo de control 768714001
003 - IDENTIFICADOR DEL NÚMERO DE CONTROL
Campo de control CO-MdFUSB
005 - FECHA Y HORA DE LA ULTIMA TRANSACCIÓN
control field 20210429125234.0
007 - CAMPO FIJO DE DESCRIPCIÓN FIJA--INFORMACIÓN GENERAL
Campo fijo de descripción fija ta
008 - ELEMENTOS DE LONGITUD FIJA -- INFORMACIÓN GENERAL
Campo fijo de descripción fija -- Información general 120521t2012 mnu b 001 0 eng
010 ## - NÚMERO DE CONTROL DE LA BIBLIOTECA DEL CONGRESO
Número de control LC 2012020860
020 ## - NÚMERO INTERNACIONAL NORMALIZADO PARA LIBROS
Número Internacional Normalizado del libro 9780814680582
040 ## - FUENTE DE CATALOGACIÓN
Agencia de catalogación original DLC
Idioma de catalogación eng
Agencia que realiza la transcripción CO-MdFUSB
Agencia que realiza la modificación YDX
-- CO-MdFUSB
-- BTCTA
-- YDXCP
-- OCLCO
-- BWX
-- CDX
-- OXF
-- NNG
-- YUS
-- ITC
-- UtOrBLW
Convenciones de la descripción rda
041 1# - CÓDIGO DE IDIOMA
Código de idioma para texto/pista de sonido o título separado eng
Código de idioma original ger
042 ## - AUTHENTICATION CODE
Authentication code pcc
082 ## - NÚMERO DE CLASIFICACIÓN DECIMAL DEWEY
Número de la edición del Dewey 23
Número de clasificación 232
Clave de autor-Numero de item L833
100 1# - ASIENTO PRINCIPAL--NOMBRE PERSONAL
Nombre personal Lohfink, Gerhard,
Fechas asociadas con el nombre 1934-
Término relacionador autor
240 10 - TITULO UNIFORME
Título uniforme <a href="Jesus von Nazaret.">Jesus von Nazaret.</a>
245 10 - TÍTULO
Título del Material Jesus of Nazareth :
Parte restante del título - Subtitulo what He wanted, who He was
Mención de responsabilidad, etc. / Gerhard Lohfink ; traducido por Linda M. Maloney.
264 #1 - PRODUCCIÓN, PUBLICACIÓN, DISTRIBUCIÓN, MANUFACTURA, Y COPYRIGHT
Lugar de producción, publicación, distribución, manufactura Collegeville, Minn. :
Nombre del productor, publicador, distribuidor Liturgical Press,
Fecha de producción, publicación, distribución, manufactura, o copyright [2012]
264 #4 - PRODUCCIÓN, PUBLICACIÓN, DISTRIBUCIÓN, MANUFACTURA, Y COPYRIGHT
Fecha de producción, publicación, distribución, manufactura, o copyright ©2012.
300 ## - DESCRIPCIÓN FÍSICA
Extensión 391 páginas ;
Dimensiones 24 cm.
336 ## - TIPO DE CONTENIDO
Término de tipo de contenido texto
Código de tipo de contenido txt
Fuente rdacontent.
337 ## - TIPO DE MEDIO
Nombre del tipo de medio sin mediación
Código del tipo de medio n
Fuente rdamedia.
338 ## - TIPO DE SOPORTE
Nombre del tipo de soporte volumen
Código Tipo de soporte nc
Fuente rdacarrier.
500 ## - NOTA GENERAL
Nota General "Un libro de Michael Glazier".
504 ## - NOTA DE BIBLIOGRAFÍA, ETC.
Nota de bibliografía, etc Incluye referencias bibliográficas e indice.
505 ## - NOTA DE CONTENIDO
Nota de contenido con formato preestablecido El llamado Jesús histórico - La proclamación del reinado de Dios - El reinado de Dios y el pueblo de Dios - La reunión de Israel - El llamado al discipulado - Las muchas caras de ser llamado - Jesús ' parábolas - Jesús y el mundo de los signos - Los milagros de Jesús - Advertencia sobre el juicio -Jesús y el Antiguo Testamento - Jesús y la Torá - La vida de Jesús: vivir incondicionalmente - La fascinación del reino de Dios - Decisión en Jerusalén - Morir por Israel - Su último día - Los eventos de Pascua - El reclamo soberano de Jesús - La respuesta de la iglesia - El reino de Dios: ¿utopía?
563 ## - NOTA DE ENCUADERNACIÓN
Nota de encuadernación Rústico
650 #7 - ASIENTO SECUNDARIO DE MATERIA - TERMINO TEMÁTICO
9 (RLIN) 239
Término temático o nombre geográfico como elemento de entrada Cristología
700 1# - ASIENTO SECUNDARIO - NOMBRE PERSONAL
Nombre personal Maloney, Linda M.,
Responsabilidad traductor
942 ## - TIPO DE MATERIAL (KOHA)
Tipo de Item KOHA Libros General
945 ## - INFORMACIÓN LOCAL DEL REGISTRO
Catalogador JTF-925
Existencias
Estado de Material Estado de Perdido Forma de Clasificación Estado de Dañado No para Préstamo Colección Biblioteca de Origen Biblioteca Permanente Fecha de Adquisición Área Total de Préstamos Signatura Topográfica Código de Barras Última vez visto Ejemplar/Existencia Fecha de Remplazo Tipo de Material
    Dewey Decimal Classification     Colección General Biblioteca FUSBC Biblioteca FUSBC 06/07/2020 BIBLIA   G 232 L833je 1437 06/07/2020 Ej.1 06/07/2020 Libros General

Biblioteca FUSBC | Teléfono: (57+4) 349 88 10 Ext. 141| WhatsApp (+57) 3005338115 
E-mail: biblioteca@unisbc.edu.co | Calle 76 87-14 Robledo Palenque, Medellín, Colombia

Con tecnología Koha